Lintuja - Statistics

Yleistilastot
  • Tätä visaa on pelattu 36 kertaa
    23 viimeisimmän päivityksen jälkeen
  • Keskiarvotulos 13 / 19
Vastaustilastot
Kuvavisa Vastaus % Oikein
laulujoutsen
95%
sinisorsa
95%
kuovi
86%
töyhtöhyyppä
86%
sepelkyyhky
76%
silkkiuikku
76%
Haarapääsky
67%
hiirihaukka
67%
tukkasotka
67%
kottarainen
62%
sarvipöllö
62%
telkkä
62%
Nokikana
57%
Haapana
52%
isokoskelo
52%
Lokki
52%
Sääksi
52%
tuulihaukka
52%
kiuru
43%
Ehtoja vastaavia visoja ei löytynyt
Tulosjakauma
Jokaisen tuloksen saaneiden osuus
Persentiili vastausten määrän mukaan
Tuloshistoriasi
Et ole pelannut tätä visaa sen viimeisimmän päivityksen jälkeen